[Event "La Pobla de Lillet op"]
[Site "La Pobla de Lillet ESP"]
[Date "2011.08.03"]
[Round "2.23"]
[White "Travesset Barba, J.."]
[Black "Saribekyan, G.."]
[Result "1/2-1/2"]
[WhiteElo "2094"]
[BlackElo "1778"]
[PlyCount "85"]
[EventDate "2011.08.02"]
[EventType "swiss"]
[EventRounds "9"]
[EventCountry "ESP"]
[SourceTitle "Ajedrez en Madrid"]
[Source "lmi"]
[SourceDate "2020.06.24"]
[SourceVersion "1"]
[SourceVersionDate "2020.06.25"]
[SourceQuality "1"]

1. d4 Nf6 2. c4 g6 3. Nc3 d5 4. cxd5 Nxd5 5. e4 Nxc3 6. bxc3 Bg7 7. Bc4 c5 8.
Ne2 O-O 9. O-O Nc6 10. Be3 Qc7 11. Qc1 Rd8 12. Rb1 Bg4 13. f3 Na5 14. Bd5 Bd7
15. Bf4 Qc8 16. Qa3 e6 17. Qxa5 exd5 18. e5 c4 19. Bg5 Bc6 20. Qxd8+ Qxd8 21.
Bxd8 Rxd8 22. f4 Rb8 23. g4 b5 24. f5 a5 25. h4 b4 26. fxg6 hxg6 27. Rb2 b3 28.
a3 Bf8 29. Ra1 Bd7 30. g5 Bf5 31. Nf4 Rd8 32. Kf2 Be4 33. Ke3 Be7 34. Rf2 Rb8
35. Rb2 Rd8 36. Ne2 Bf5 37. Ng3 Be6 38. Ne2 Bf5 39. Nf4 Be4 40. Nh3 Kg7 41. Nf2
Bc2 42. Ng4 Bf5 43. Kf4 1/2-1/2

[Event "La Pobla de Lillet op"]
[Site "La Pobla de Lillet ESP"]
[Date "2011.08.04"]
[Round "3.1"]
[White "Villuendas Valero, A.."]
[Black "Peralta, F.."]
[Result "0-1"]
[WhiteElo "2254"]
[BlackElo "2601"]
[PlyCount "92"]
[EventDate "2011.08.02"]
[EventType "swiss"]
[EventRounds "9"]
[EventCountry "ESP"]
[SourceTitle "Ajedrez en Madrid"]
[Source "lmi"]
[SourceDate "2020.06.24"]
[SourceVersion "1"]
[SourceVersionDate "2020.06.25"]
[SourceQuality "1"]

1. d4 d5 2. Bf4 Nf6 3. e3 c5 4. c3 Nc6 5. Nd2 Bf5 6. Qb3 Qd7 7. Ngf3 c4 8. Qb5
Qc8 9. Ne5 a6 10. Qb6 Nxe5 11. Bxe5 Nd7 12. Qc7 e6 13. Be2 f6 14. Qxc8+ Rxc8
15. Bg3 b5 16. a4 b4 17. Bf3 Bd3 18. e4 dxe4 19. Bxe4 Bxe4 20. Nxe4 Rc6 21. a5
Be7 22. Ke2 O-O 23. Nd2 f5 24. f3 Re8 25. Rhc1 b3 26. Ra4 Rec8 27. Be5 Nxe5 28.
dxe5 Bg5 29. Rd1 Rc5 30. Nb1 Rxe5+ 31. Kf1 Be7 32. f4 Rd5 33. Re1 Kf7 34. Re2
Rd1+ 35. Re1 Rd5 36. Re2 Rd1+ 37. Re1 Rd7 38. Re2 Bf6 39. Nd2 Rdc7 40. Nb1 Rc5
41. Nd2 g5 42. g3 g4 43. Kg2 R8c6 44. Nf1 Bd8 45. Re5 Rxe5 46. fxe5 Bg5 0-1

[Event "La Pobla de Lillet op"]
[Site "La Pobla de Lillet ESP"]
[Date "2011.08.04"]
[Round "3.2"]
[White "Korneev, O.."]
[Black "Pascual Genoves, M.."]
[Result "1-0"]
[WhiteElo "2588"]
[BlackElo "2220"]
[PlyCount "44"]
[EventDate "2011.08.02"]
[EventType "swiss"]
[EventRounds "9"]
[EventCountry "ESP"]
[SourceTitle "Ajedrez en Madrid"]
[Source "lmi"]
[SourceDate "2020.06.24"]
[SourceVersion "1"]
[SourceVersionDate "2020.06.25"]
[SourceQuality "1"]

1. e4 c6 2. d4 g6 3. Nc3 Bg7 4. f4 d6 5. Nf3 Bg4 6. Be3 Qb6 7. Qd2 Bxf3 8. gxf3
Nd7 9. O-O-O O-O-O 10. Kb1 Qa5 11. Bc4 e6 12. Qe1 d5 13. Bb3 f5 14. e5 Kb8 15.
h4 h5 16. Bd2 Qc7 17. Na4 b6 18. c4 Ne7 19. Bb4 Nc8 20. Rc1 Qb7 21. cxd5 cxd5
22. Rg1 Rh6 1-0

[Event "La Pobla de Lillet op"]
[Site "La Pobla de Lillet ESP"]
[Date "2011.08.04"]
[Round "3.3"]
[White "Gonzalez Aguirre, L.."]
[Black "Ipatov, A.."]
[Result "0-1"]
[WhiteElo "2207"]
[BlackElo "2562"]
[PlyCount "72"]
[EventDate "2011.08.02"]
[EventType "swiss"]
[EventRounds "9"]
[EventCountry "ESP"]
[SourceTitle "Ajedrez en Madrid"]
[Source "lmi"]
[SourceDate "2020.06.24"]
[SourceVersion "1"]
[SourceVersionDate "2020.06.25"]
[SourceQuality "1"]

1. c4 g6 2. Nc3 Bg7 3. g3 Nf6 4. Bg2 O-O 5. d3 c6 6. e4 d6 7. Nge2 c5 8. O-O
Nc6 9. h3 Ne8 10. f4 f5 11. Be3 Nd4 12. Qd2 Nc7 13. Nd5 Nce6 14. Rab1 a5 15.
Nec3 Bd7 16. Bf2 Rb8 17. a4 Nc6 18. exf5 gxf5 19. Rfe1 Rf7 20. Nb5 Ned4 21.
Ndc3 Kh8 22. b3 Rf6 23. Ne2 Rg6 24. Nbxd4 cxd4 25. Kh2 e5 26. Ng1 Bf6 27. Nf3
b6 28. Re2 Qg8 29. Bh1 Qg7 30. Rg1 Rg8 31. Ree1 Rh6 32. Nh4 Nb4 33. Nf3 e4 34.
dxe4 fxe4 35. Rxe4 Qg4 36. Ng5 Rxg5 0-1

[Event "La Pobla de Lillet op"]
[Site "La Pobla de Lillet ESP"]
[Date "2011.08.04"]
[Round "3.4"]
[White "Alvarez Pedraza, A.."]
[Black "Ayza Ballester, J.."]
[Result "1-0"]
[WhiteElo "2551"]
[BlackElo "2192"]
[PlyCount "38"]
[EventDate "2011.08.02"]
[EventType "swiss"]
[EventRounds "9"]
[EventCountry "ESP"]
[SourceTitle "Ajedrez en Madrid"]
[Source "lmi"]
[SourceDate "2020.06.24"]
[SourceVersion "1"]
[SourceVersionDate "2020.06.25"]
[SourceQuality "1"]

1. d4 d5 2. c4 dxc4 3. Nf3 Nf6 4. e3 Bg4 5. Bxc4 e6 6. h3 Bh5 7. O-O Nbd7 8. b3
Bd6 9. Bb2 O-O 10. Nbd2 Qe7 11. Be2 e5 12. Nc4 Bxf3 13. Bxf3 e4 14. Be2 Nd5 15.
Rc1 Kh8 16. Qd2 f5 17. Qa5 Bb4 18. Ba3 Bxa3 19. Qxa3 Qg5 1-0

[Event "La Pobla de Lillet op"]
[Site "La Pobla de Lillet ESP"]
[Date "2011.08.04"]
[Round "3.5"]
[White "Blanco Sanchez, JF.."]
[Black "Movsziszian, K.."]
[Result "0-1"]
[WhiteElo "2129"]
[BlackElo "2493"]
[PlyCount "58"]
[EventDate "2011.08.02"]
[EventType "swiss"]
[EventRounds "9"]
[EventCountry "ESP"]
[SourceTitle "Ajedrez en Madrid"]
[Source "lmi"]
[SourceDate "2020.06.24"]
[SourceVersion "1"]
[SourceVersionDate "2020.06.25"]
[SourceQuality "1"]

1. e4 g6 2. d4 Bg7 3. c4 d6 4. Nc3 Nf6 5. f4 c5 6. dxc5 Qa5 7. Bd3 Nfd7 8. Bd2
Nxc5 9. Bc2 Nc6 10. Nf3 Bg4 11. h3 Bxf3 12. Qxf3 Qb6 13. Rb1 O-O 14. Nd5 Qa6
15. O-O Qxc4 16. Rfc1 Nd4 17. Nxe7+ Kh8 18. Qf1 Qe6 19. Nd5 Nxc2 20. Rxc2 Qxe4
21. Ne3 Bd4 22. Rc3 f6 23. Ra3 Ne6 24. g3 Rac8 25. Kh2 Bc5 26. b4 Nd4 27. Ng4
Bb6 28. Rd3 Rc7 29. a4 Rd7 0-1

[Event "La Pobla de Lillet op"]
[Site "La Pobla de Lillet ESP"]
[Date "2011.08.04"]
[Round "3.6"]
[White "Oms Pallisse, J.."]
[Black "Lopez de Turiso, JA.."]
[Result "1-0"]
[WhiteElo "2489"]
[BlackElo "2091"]
[PlyCount "81"]
[EventDate "2011.08.02"]
[EventType "swiss"]
[EventRounds "9"]
[EventCountry "ESP"]
[SourceTitle "Ajedrez en Madrid"]
[Source "lmi"]
[SourceDate "2020.06.24"]
[SourceVersion "1"]
[SourceVersionDate "2020.06.25"]
[SourceQuality "1"]

1. d4 d5 2. c4 e6 3. Nc3 f5 4. Nf3 Nf6 5. Qc2 c6 6. Bf4 Bd6 7. e3 O-O 8. Be2
Ne4 9. O-O h6 10. Ne5 Bxe5 11. Bxe5 Nd7 12. Nxe4 Nxe5 13. Nc5 Nf7 14. Rac1 b6
15. Nd3 Bb7 16. Nf4 Qf6 17. Bh5 Nd6 18. c5 Nc8 19. Ng6 Rd8 20. Ne5 Ne7 21. Rfd1
g6 22. Be2 Kg7 23. Qd2 g5 24. Qb4 b5 25. Qa5 Ng6 26. Qc7+ Qe7 27. Qxe7+ Nxe7
28. a4 a6 29. Bh5 Bc8 30. axb5 axb5 31. Ra1 Bb7 32. f4 gxf4 33. exf4 Rxa1 34.
Rxa1 Ra8 35. Rxa8 Bxa8 36. Be8 Bb7 37. Kf2 Kf6 38. Ke3 Kg7 39. Ke2 Ng8 40. Bxc6
Bxc6 41. Nxc6 1-0

[Event "La Pobla de Lillet op"]
[Site "La Pobla de Lillet ESP"]
[Date "2011.08.04"]
[Round "3.7"]
[White "Garcia Castellote, O.."]
[Black "Velicka, P.."]
[Result "1/2-1/2"]
[WhiteElo "2094"]
[BlackElo "2461"]
[PlyCount "66"]
[EventDate "2011.08.02"]
[EventType "swiss"]
[EventRounds "9"]
[EventCountry "ESP"]
[SourceTitle "Ajedrez en Madrid"]
[Source "lmi"]
[SourceDate "2020.06.24"]
[SourceVersion "1"]
[SourceVersionDate "2020.06.25"]
[SourceQuality "1"]

1. e4 c5 2. d3 Nc6 3. g3 d5 4. Nd2 Nf6 5. Bg2 Bg4 6. Ngf3 e6 7. O-O Be7 8. h3
Bh5 9. g4 Bg6 10. Nh4 dxe4 11. Nxg6 hxg6 12. dxe4 Nd7 13. f4 g5 14. Nc4 Nb6 15.
Qxd8+ Rxd8 16. Nxb6 axb6 17. fxg5 Nd4 18. Rf2 e5 19. Be3 Ne6 20. Rf5 Bd6 21.
Raf1 O-O 22. h4 g6 23. R5f2 Be7 24. Bf3 Nf4 25. Bxf4 exf4 26. Be2 Bd6 27. Bc4
Be5 28. c3 Kg7 29. Kg2 Rd7 30. Kf3 Rfd8 31. Bd5 b5 32. Rc2 b6 33. a3 Rc7
1/2-1/2

[Event "La Pobla de Lillet op"]
[Site "La Pobla de Lillet ESP"]
[Date "2011.08.04"]
[Round "3.8"]
[White "Panelo Muñoz, MA.."]
[Black "Koch, T.."]
[Result "1-0"]
[WhiteElo "2413"]
[BlackElo "2079"]
[PlyCount "41"]
[EventDate "2011.08.02"]
[EventType "swiss"]
[EventRounds "9"]
[EventCountry "ESP"]
[SourceTitle "Ajedrez en Madrid"]
[Source "lmi"]
[SourceDate "2020.06.24"]
[SourceVersion "1"]
[SourceVersionDate "2020.06.25"]
[SourceQuality "1"]

1. d4 d5 2. c4 e6 3. Nf3 Nf6 4. Nc3 c6 5. e3 Be7 6. Bd3 dxc4 7. Bxc4 b5 8. Bd3
a6 9. e4 Bb7 10. e5 Nfd7 11. Ne4 c5 12. Bg5 Qa5+ 13. Bd2 Qb6 14. Bg5 f6 15.
exf6 gxf6 16. dxc5 Nxc5 17. Nxf6+ Bxf6 18. Bxf6 Rg8 19. Bxh7 Rxg2 20. Ne5 Nd3+
21. Nxd3 1-0

[Event "La Pobla de Lillet op"]
[Site "La Pobla de Lillet ESP"]
[Date "2011.08.04"]
[Round "3.9"]
[White "Garcia Galeote, L.."]
[Black "Gorbatov, A.."]
[Result "0-1"]
[WhiteElo "2059"]
[BlackElo "2375"]
[PlyCount "110"]
[EventDate "2011.08.02"]
[EventType "swiss"]
[EventRounds "9"]
[EventCountry "ESP"]
[SourceTitle "Ajedrez en Madrid"]
[Source "lmi"]
[SourceDate "2020.06.24"]
[SourceVersion "1"]
[SourceVersionDate "2020.06.25"]
[SourceQuality "1"]

1. d4 e6 2. Nf3 c5 3. c3 Qc7 4. g3 Nf6 5. Bg2 Nc6 6. O-O d5 7. Nbd2 cxd4 8.
cxd4 Bd6 9. Re1 O-O 10. e4 Nxe4 11. Nxe4 dxe4 12. Rxe4 Rd8 13. Qe2 Bd7 14. Bg5
Rdc8 15. Bf4 Nb4 16. h3 Bxf4 17. Rxf4 Nd5 18. Rh4 Qc2 19. Re1 Qxe2 20. Rxe2
Rc1+ 21. Kh2 Bb5 22. Rd2 Rac8 23. b3 R8c2 24. a4 Be2 25. Rxc2 Rxc2 26. Ne1 Rc1
27. Re4 Rxe1 28. Bf3 Nc3 29. Re3 Bxf3 30. Rxe1 Bc6 31. Rc1 Nd5 32. a5 a6 33.
Kg1 Kf8 34. Kf1 Ke7 35. Ke2 Nb4 36. Kd2 Kd7 37. Rc5 Kd6 38. Kc3 Nd5+ 39. Kd3
Bb5+ 40. Kd2 e5 41. Rc8 exd4 42. Rg8 g6 43. Rg7 Ke6 44. Rxh7 Nf6 45. Rh4 Ke5
46. f3 Bc6 47. Ke2 Nh5 48. Rg4 Ng7 49. f4+ Ke6 50. Rg5 Bb5+ 51. Kd2 Kd6 52. b4
Nf5 53. h4 Ke6 54. g4 Nxh4 55. Rc5 Nf3+ 0-1

[Event "La Pobla de Lillet op"]
[Site "La Pobla de Lillet ESP"]
[Date "2011.08.04"]
[Round "3.10"]
[White "Sanchez Urpi, O.."]
[Black "Capellades Subirana, M.."]
[Result "0-1"]
[WhiteElo "1952"]
[BlackElo "2260"]
[PlyCount "136"]
[EventDate "2011.08.02"]
[EventType "swiss"]
[EventRounds "9"]
[EventCountry "ESP"]
[SourceTitle "Ajedrez en Madrid"]
[Source "lmi"]
[SourceDate "2020.06.24"]
[SourceVersion "1"]
[SourceVersionDate "2020.06.25"]
[SourceQuality "1"]

1. e4 e5 2. Bc4 Nc6 3. d3 g6 4. f4 Na5 5. Bb3 Nxb3 6. axb3 d6 7. Nf3 Bg7 8. O-O
exf4 9. Nc3 g5 10. d4 h6 11. Qd3 Ne7 12. h4 Nc6 13. Ne2 a6 14. Bd2 O-O 15. b4
Bg4 16. hxg5 hxg5 17. c3 Qe7 18. g3 Rae8 19. gxf4 gxf4 20. Nxf4 Qxe4 21. Qxe4
Rxe4 22. Ng5 Re7 23. Nd5 Re2 24. Bc1 f6 25. Nf3 Rf7 26. b5 axb5 27. Ra8+ Kh7
28. Ng5+ fxg5 29. Rxf7 Be6 30. Rxg7+ Kxg7 31. Nxc7 Bh3 32. Bxg5 Rg2+ 33. Kh1
Rxg5 34. Ne8+ Kh7 35. Kh2 Bf1 36. Nxd6 Rg2+ 37. Kh1 Rxb2 38. Nxb7 Nxd4 39. cxd4
Bg2+ 40. Kg1 Bxb7 41. Ra7 Rg2+ 42. Kf1 Rg7 43. Ke1 Bd5 44. Ra5 Bc4 45. Kd2 Rg3
46. Ra6 Rd3+ 47. Kc2 Rxd4 48. Rb6 Rd3 49. Kb2 Kg7 50. Kc2 Kf7 51. Kb2 Ke7 52.
Rh6 Kd7 53. Kc2 Rd6 54. Rh5 Kc6 55. Kc3 Rd5 56. Rh8 Rd6 57. Rc8+ Kb6 58. Rb8+
Kc5 59. Rc8+ Rc6 60. Rh8 b4+ 61. Kb2 Bd5 62. Rh4 Re6 63. Kc2 Re4 64. Rh8 Re2+
65. Kc1 b3 66. Rb8 Kc4 67. Rc8+ Kd4 68. Rb8 Kc3 0-1

[Event "La Pobla de Lillet op"]
[Site "La Pobla de Lillet ESP"]
[Date "2011.08.04"]
[Round "3.15"]
[White "Diaz-Flores Sanchez, P.."]
[Black "Travesset Barba, J.."]
[Result "0-1"]
[WhiteElo "1832"]
[BlackElo "2094"]
[PlyCount "78"]
[EventDate "2011.08.02"]
[EventType "swiss"]
[EventRounds "9"]
[EventCountry "ESP"]
[SourceTitle "Ajedrez en Madrid"]
[Source "lmi"]
[SourceDate "2020.06.24"]
[SourceVersion "1"]
[SourceVersionDate "2020.06.25"]
[SourceQuality "1"]

1. e4 d5 2. Nc3 d4 3. Nce2 e5 4. d3 Nc6 5. f4 Bg4 6. h3 Bb4+ 7. c3 dxc3 8. Kf2
Bc5+ 9. Ke1 Bxe2 10. Nxe2 c2 11. Qxc2 Nb4 12. Qc3 Nxd3+ 13. Kd1 Bb4 14. Qb3
Nf2+ 15. Kc2 Qd1+ 16. Kb1 Qxb3 17. axb3 Nxh1 18. Be3 Nf6 19. fxe5 Nxe4 20. Nf4
Nhg3 21. Bd3 Bc5 22. Bc1 Rd8 23. Kc2 O-O 24. e6 fxe6 25. Bc4 Kh8 26. Nxe6 Rf2+
27. Kb1 Nd2+ 28. Bxd2 Rdxd2 29. Nxc5 Rxb2+ 30. Kc1 Rfc2+ 31. Kd1 Rxg2 32. Nd3
Rg1+ 33. Ne1 a6 34. Bd3 Rxb3 35. Kc2 Rb6 36. Kd2 Re6 37. Rc1 c6 38. Rb1 Ne4+
39. Kc2 Nc5 0-1

[Event "La Pobla de Lillet op"]
[Site "La Pobla de Lillet ESP"]
[Date "2011.08.05"]
[Round "4.1"]
[White "Peralta, F.."]
[Black "Oms Pallisse, J.."]
[Result "1-0"]
[WhiteElo "2601"]
[BlackElo "2489"]
[PlyCount "135"]
[EventDate "2011.08.02"]
[EventType "swiss"]
[EventRounds "9"]
[EventCountry "ESP"]
[SourceTitle "Ajedrez en Madrid"]
[Source "lmi"]
[SourceDate "2020.06.24"]
[SourceVersion "1"]
[SourceVersionDate "2020.06.25"]
[SourceQuality "1"]

1. d4 Nf6 2. c4 e6 3. Nc3 Bb4 4. e3 O-O 5. Bd3 d5 6. Nf3 c5 7. O-O cxd4 8. exd4
dxc4 9. Bxc4 b6 10. Re1 Bb7 11. Bd3 Nbd7 12. a3 Bxc3 13. bxc3 Qc7 14. c4 Rfe8
15. Ne5 Nxe5 16. Rxe5 Qc6 17. Rg5 Rad8 18. Bb2 Qd6 19. Qd2 Be4 20. Bf1 Bg6 21.
Qe3 Qc6 22. f3 Nd7 23. Rb5 a6 24. Rb4 Qc7 25. a4 e5 26. dxe5 Qc5 27. Qxc5 bxc5
28. Rb7 Nxe5 29. Bxe5 Rxe5 30. Ra7 Re6 31. Rc7 Re5 32. Rc6 Ra8 33. a5 Kf8 34.
Kf2 Bf5 35. Re1 Rxe1 36. Kxe1 Ke7 37. Rxc5 Be6 38. Rc6 Kd7 39. Rb6 Rc8 40. Rxa6
Bxc4 41. Ra7+ Ke6 42. Bxc4+ Rxc4 43. Kd2 g5 44. a6 Ra4 45. Kc3 Ke5 46. Kb3 Ra1
47. Rxf7 Rxa6 48. Rxh7 Kd4 49. Re7 Ra5 50. Kb4 Rf5 51. Re4+ Kd3 52. Rg4 Ke3 53.
Rc4 Kf2 54. Rg4 Ke3 55. Kc4 Ra5 56. Kc3 Rc5+ 57. Kb3 Rf5 58. h3 Rc5 59. Kb4 Rf5
60. h4 gxh4 61. Rxh4 Rg5 62. Re4+ Kd3 63. g4 Rg8 64. Kc5 Rf8 65. Kd6 Rxf3 66.
Ra4 Ke2 67. Ra2+ Kf1 68. Ke5 1-0

[Event "La Pobla de Lillet op"]
[Site "La Pobla de Lillet ESP"]
[Date "2011.08.05"]
[Round "4.2"]
[White "Movsziszian, K.."]
[Black "Korneev, O.."]
[Result "1/2-1/2"]
[WhiteElo "2493"]
[BlackElo "2588"]
[PlyCount "54"]
[EventDate "2011.08.02"]
[EventType "swiss"]
[EventRounds "9"]
[EventCountry "ESP"]
[SourceTitle "Ajedrez en Madrid"]
[Source "lmi"]
[SourceDate "2020.06.24"]
[SourceVersion "1"]
[SourceVersionDate "2020.06.25"]
[SourceQuality "1"]

1. Nf3 d5 2. g3 Nf6 3. Bg2 Bf5 4. d3 e6 5. O-O Be7 6. Nbd2 h6 7. c4 c6 8. b3
O-O 9. Bb2 Nbd7 10. Qc2 a5 11. a3 Re8 12. Bc3 Bd6 13. b4 axb4 14. axb4 Qe7 15.
e4 dxe4 16. dxe4 Bh7 17. Qb2 e5 18. Nh4 Qe6 19. Qc2 Qe7 20. Ra4 Rxa4 21. Qxa4
b5 22. cxb5 cxb5 23. Qxb5 Rb8 24. Qc4 Bxb4 25. Rb1 Bxc3 26. Rxb8+ Nxb8 27. Qxc3
Nbd7 1/2-1/2

[Event "La Pobla de Lillet op"]
[Site "La Pobla de Lillet ESP"]
[Date "2011.08.05"]
[Round "4.3"]
[White "Ipatov, A.."]
[Black "Panelo Muñoz, MA.."]
[Result "1/2-1/2"]
[WhiteElo "2562"]
[BlackElo "2413"]
[PlyCount "91"]
[EventDate "2011.08.02"]
[EventType "swiss"]
[EventRounds "9"]
[EventCountry "ESP"]
[SourceTitle "Ajedrez en Madrid"]
[Source "lmi"]
[SourceDate "2020.06.24"]
[SourceVersion "1"]
[SourceVersionDate "2020.06.25"]
[SourceQuality "1"]

1. d4 Nf6 2. c4 e6 3. Nf3 b6 4. e3 Bb7 5. Nc3 d5 6. cxd5 exd5 7. Bb5+ c6 8. Bd3
Be7 9. O-O O-O 10. b3 Nbd7 11. Bb2 Bd6 12. Rc1 Qe7 13. Nh4 g6 14. g3 Rfe8 15.
Re1 Rac8 16. Bf1 Ba3 17. Bxa3 Qxa3 18. Bh3 Qd6 19. Qf3 Rcd8 20. Qf4 Qf8 21.
Bxd7 Nxd7 22. e4 Rc8 23. e5 Qb4 24. Nf3 Nf8 25. Ng5 Qe7 26. Qd2 Rc7 27. h4 h6
28. Nh3 Kg7 29. Nf4 Qd8 30. Nd1 c5 31. Ne3 Qd7 32. g4 Kg8 33. Nf5 gxf5 34. Nh5
Rc6 35. Nf6+ Rxf6 36. exf6 Kh7 37. Rxe8 Qxe8 38. Re1 Ne6 39. Qd3 Qg8 40. Qxf5+
Kh8 41. Qh5 Kh7 42. Qf5+ Qg6 43. dxc5 bxc5 44. h5 Qxf5 45. gxf5 Nd4 46. Re7
1/2-1/2

[Event "La Pobla de Lillet op"]
[Site "La Pobla de Lillet ESP"]
[Date "2011.08.05"]
[Round "4.4"]
[White "Gorbatov, A.."]
[Black "Alvarez Pedraza, A.."]
[Result "1/2-1/2"]
[WhiteElo "2375"]
[BlackElo "2551"]
[PlyCount "58"]
[EventDate "2011.08.02"]
[EventType "swiss"]
[EventRounds "9"]
[EventCountry "ESP"]
[SourceTitle "Ajedrez en Madrid"]
[Source "lmi"]
[SourceDate "2020.06.24"]
[SourceVersion "1"]
[SourceVersionDate "2020.06.25"]
[SourceQuality "1"]

1. e4 c5 2. Nf3 e6 3. d4 cxd4 4. Nxd4 a6 5. Nc3 Qc7 6. Bd3 Nf6 7. Qe2 Bc5 8.
Nb3 Bd6 9. g3 Nc6 10. f4 e5 11. O-O b5 12. a4 b4 13. Nd5 Nxd5 14. exd5 Ne7 15.
fxe5 Bxe5 16. Bf4 d6 17. Bxe5 dxe5 18. d6 Qxd6 19. Qf3 O-O 20. Qxa8 Qb6+ 21.
Rf2 Bb7 22. Bxh7+ Kxh7 23. Qxf8 Qc6 24. Kf1 Qh1+ 25. Ke2 Qe4+ 26. Kd2 Qd5+ 27.
Ke1 Qe4+ 28. Re2 Qh1+ 29. Kd2 Qd5+ 1/2-1/2

[Event "La Pobla de Lillet op"]
[Site "La Pobla de Lillet ESP"]
[Date "2011.08.05"]
[Round "4.5"]
[White "Capellades Subirana, M.."]
[Black "Simon Padros, E.."]
[Result "1/2-1/2"]
[WhiteElo "2260"]
[BlackElo "2279"]
[PlyCount "22"]
[EventDate "2011.08.02"]
[EventType "swiss"]
[EventRounds "9"]
[EventCountry "ESP"]
[SourceTitle "Ajedrez en Madrid"]
[Source "lmi"]
[SourceDate "2020.06.24"]
[SourceVersion "1"]
[SourceVersionDate "2020.06.25"]
[SourceQuality "1"]

1. e4 e6 2. d4 d5 3. Nd2 Nc6 4. c3 e5 5. exd5 Qxd5 6. Ngf3 exd4 7. Bc4 Qh5 8.
Qe2+ Be7 9. Nxd4 Qxe2+ 10. Nxe2 Ne5 11. Nd4 Bd7 1/2-1/2

[Event "La Pobla de Lillet op"]
[Site "La Pobla de Lillet ESP"]
[Date "2011.08.05"]
[Round "4.6"]
[White "Velicka, P.."]
[Black "Dominguez Carmona, M.."]
[Result "1-0"]
[WhiteElo "2461"]
[BlackElo "2071"]
[PlyCount "75"]
[EventDate "2011.08.02"]
[EventType "swiss"]
[EventRounds "9"]
[EventCountry "ESP"]
[SourceTitle "Ajedrez en Madrid"]
[Source "lmi"]
[SourceDate "2020.06.24"]
[SourceVersion "1"]
[SourceVersionDate "2020.06.25"]
[SourceQuality "1"]

1. e4 c5 2. Nf3 e6 3. d4 cxd4 4. Nxd4 a6 5. Bd3 Nf6 6. O-O Qc7 7. Qe2 d6 8. c4
Be7 9. Nc3 b6 10. f4 Nbd7 11. Kh1 Bb7 12. Bd2 e5 13. Nf5 Bf8 14. Rac1 g6 15.
Ne3 Bg7 16. Ned5 Bxd5 17. Nxd5 Nxd5 18. cxd5 Qb8 19. Bxa6 O-O 20. f5 Nc5 21.
Bb5 Rxa2 22. f6 Bh8 23. Bh6 Rc8 24. Qc2 Rc7 25. Bc6 Qd8 26. Qb1 Raa7 27. b4 Na6
28. Be3 Rc8 29. Qa1 Qc7 30. Bb5 Qb7 31. Rxc8+ Qxc8 32. Bxb6 Ra8 33. Bc6 Rb8 34.
Qa5 Nxb4 35. Qxb4 Qa6 36. Rb1 Bxf6 37. Qb5 Qa2 38. Qf1 1-0

[Event "La Pobla de Lillet op"]
[Site "La Pobla de Lillet ESP"]
[Date "2011.08.05"]
[Round "4.7"]
[White "Pascual Genoves, M.."]
[Black "Garcia Castellote, O.."]
[Result "1-0"]
[WhiteElo "2220"]
[BlackElo "2094"]
[PlyCount "73"]
[EventDate "2011.08.02"]
[EventType "swiss"]
[EventRounds "9"]
[EventCountry "ESP"]
[SourceTitle "Ajedrez en Madrid"]
[Source "lmi"]
[SourceDate "2020.06.24"]
[SourceVersion "1"]
[SourceVersionDate "2020.06.25"]
[SourceQuality "1"]

1. e4 c5 2. Nf3 Nc6 3. Nc3 g6 4. Bb5 Bg7 5. Bxc6 dxc6 6. h3 Nf6 7. d3 O-O 8.
Be3 Nd7 9. Qd2 e5 10. Bh6 Re8 11. h4 Nf8 12. h5 Qf6 13. hxg6 fxg6 14. Bxg7 Qxg7
15. Rh6 Ne6 16. O-O-O Re7 17. Rdh1 Qf6 18. Kb1 Bd7 19. Ne2 b6 20. Ng3 Nf4 21.
Ne1 Rd8 22. Nf1 Bc8 23. Ne3 b5 24. g3 Ne6 25. f3 c4 26. Qh2 Qg7 27. f4 exf4 28.
gxf4 Nc5 29. f5 cxd3 30. Nxd3 Nxd3 31. fxg6 Rxe4 32. Rxh7 Qxg6 33. Rh8+ Kg7 34.
Rxd8 Rxe3 35. Qh8+ Kf7 36. Qf8+ Ke6 37. Rd6+ 1-0

[Event "La Pobla de Lillet op"]
[Site "La Pobla de Lillet ESP"]
[Date "2011.08.05"]
[Round "4.8"]
[White "Riera Sola, L.."]
[Black "Villuendas Valero, A.."]
[Result "0-1"]
[WhiteElo "2003"]
[BlackElo "2254"]
[PlyCount "64"]
[EventDate "2011.08.02"]
[EventType "swiss"]
[EventRounds "9"]
[EventCountry "ESP"]
[SourceTitle "Ajedrez en Madrid"]
[Source "lmi"]
[SourceDate "2020.06.24"]
[SourceVersion "1"]
[SourceVersionDate "2020.06.25"]
[SourceQuality "1"]

1. e4 c5 2. Nc3 g6 3. g3 Bg7 4. Bg2 Nc6 5. d3 d6 6. Be3 Nf6 7. h3 O-O 8. Qd2
Ne8 9. Bh6 e5 10. h4 Bxh6 11. Qxh6 Qf6 12. Nd5 Qg7 13. Qxg7+ Kxg7 14. Ne2 Be6
15. Ne3 Nf6 16. Kd2 Rfd8 17. c4 Rab8 18. Bh3 Nd4 19. f4 Nh5 20. Nxd4 cxd4 21.
Nc2 Nxg3 22. Rh2 Bxh3 23. Rxh3 Nh5 24. Rf3 b5 25. fxe5 dxe5 26. cxb5 Rxb5 27.
b4 Rb7 28. a4 Rc8 29. Rb1 Rc3 30. Rb2 Nf6 31. a5 Nxe4+ 32. Ke2 Nd6 0-1

[Event "La Pobla de Lillet op"]
[Site "La Pobla de Lillet ESP"]
[Date "2011.08.05"]
[Round "4.9"]
[White "Diaz Lopez, P.."]
[Black "Gonzalez Aguirre, L.."]
[Result "0-1"]
[WhiteElo "1985"]
[BlackElo "2207"]
[PlyCount "116"]
[EventDate "2011.08.02"]
[EventType "swiss"]
[EventRounds "9"]
[EventCountry "ESP"]
[SourceTitle "Ajedrez en Madrid"]
[Source "lmi"]
[SourceDate "2020.06.24"]
[SourceVersion "1"]
[SourceVersionDate "2020.06.25"]
[SourceQuality "1"]

1. d4 Nf6 2. c4 e6 3. Nc3 Bb4 4. Qc2 d5 5. a3 Bxc3+ 6. Qxc3 O-O 7. Nf3 b6 8.
Bg5 dxc4 9. Qxc4 Ba6 10. Bxf6 Qxf6 11. Qxc7 Rc8 12. Qe5 Qg6 13. e4 Nd7 14. Qf4
Bxf1 15. Kxf1 Rc2 16. g3 Nf6 17. Re1 Rxb2 18. Ne5 Qh5 19. h4 Qh6 20. Qf3 Rc8
21. Nxf7 Kxf7 22. e5 Rcc2 23. exf6 Qxf6 24. Qxf6+ Kxf6 25. Kg2 Rxf2+ 26. Kh3
Rbd2 27. Re4 h5 28. a4 g6 29. Re3 Rxd4 30. Rhe1 Rd6 31. Re4 Kf7 32. R1e3 Rdd2
33. g4 Rh2+ 34. Kg3 Rdg2+ 35. Kf3 Rf2+ 36. Kg3 Rhg2+ 37. Kh3 hxg4+ 38. Rxg4
Rh2+ 39. Kg3 Rhg2+ 40. Kh3 Rxg4 41. Kxg4 Rf5 42. Rc3 Kf6 43. Rc7 Ra5 44. Rc4
Rc5 45. Rf4+ Rf5 46. Rc4 Rf1 47. Rc8 Rb1 48. Rc4 a5 49. Rc6 Rb4+ 50. Kg3 Rxa4
51. Rxb6 Kf5 52. Rb5+ e5 53. Rb8 Ra3+ 54. Kg2 a4 55. Rf8+ Kg4 56. Re8 Ra2+ 57.
Kf1 a3 58. Rxe5 Rb2 0-1